00286nam a22000977a 4500008004100000082001700041100001500058245006000073260004600133300000900179230620b xxu||||| |||| 00| 0 eng d a309.167bHUN cGuy Hunter aThe New Societies of Tropical AfricabA selective study aLondonbInstitute of Race relationsc1962 a376p